| 000 | 02396nam a22003254a 4500 | ||
|---|---|---|---|
| 005 | 20100728162749.0 | ||
| 010 | _aB-406931-939 | ||
| 020 |
_a9788170005759 _c1675.00 |
||
| 035 | _aB-406931-939 | ||
| 037 | _bPUB | ||
| 082 | _a025.001 | ||
| 100 |
_aDhiman, Anil Kumar _915888 |
||
| 245 |
_aKnowledge management for librarians / _cby Anil Kumar Dhiman [and] Hemant Sharma |
||
| 260 |
_aNew Delhi _bEss Ess Publications _c2009 |
||
| 270 |
_a4837/24, Ansari Road, Daryaganj _bNew Delhi _e110002 |
||
| 300 |
_aviii, 633p. _c25 cm(Hb) |
||
| 500 | _aIncludes index | ||
| 700 |
_aSharma, Hemant _92236 |
||
| 942 |
_2ddc _cRF _mDHI _h025.001 |
||
| 999 |
_c35216 _d35216 |
||